• 首页
  • 本馆介绍
  • 公告通知
  • 最新文献
  • 馆藏检索
  • 电子资源
  • 读者导购
  • 参考咨询
  • 我的图书馆
  • 登录
  • 详细信息显示
  • 放入我的书架
  • 预约/预借图书
  • 作者相关作品
  • 分类相关作品
  • 丛书相关作品
  • 出版社相关作品

书目信息

  • 表格格式
  • 工作单格式
  • 卡片格式
题名:
县区产业发展定位与布局研究
    
 
作者: 姜爱林 主编
分册:  
出版信息: 北京   线装书局  2017
页数: 243页
开本: 24cm
丛书名: 经济社会规划咨询系列研究丛书之一
单 册:
中图分类: F127.13
科图分类:
主题词: 产业发展--研究--昌平区
电子资源:
ISBN: 978-7-5120-2933-0
000 01278oam2 2200253 450
001 012001003709
005 20140926114741.0
010    @a978-7-5120-2933-0@dCNY38.00
100    @a20180412d2017 em y0chiy50 ea
101 0  @achi
102    @aCN@b110000
105    @ay z 000yy
106    @ar
200 1  @a县区产业发展定位与布局研究@9xian qu chan ye fa zhan ding wei yu bu ju yan jiu@e以昌平区为例@f姜爱林主编
210    @a北京@c线装书局@d2017
215    @a243页@d24cm
225 1  @a经济社会规划咨询系列研究丛书之一
330    @a本书共分为7章: 第一章包括产业发展的背景、产业发展的机遇、产业发展的若干趋势;第二章包括、产业发展的经济基础、产业发展的支撑条件、产业发展的影响因素;第三章包括产业发展的历史回顾、产业发展的现状分析、产业发展存在问题;第四章包括昌平区产业发展的指导思想、昌平区产业发展的目标、昌平区产业发展的原则、昌平区产业发展的主要依据;第五章包括产业发展定位、产业结构升级、产业转移承接;第六章包括产业布局优化、产业集群成长、产业链培育;第七章包括产业发展宏观保障措施、产业发展微观政策建议文化与健康:重点产业发展对策。
461  0 @12001 @a经济社会规划咨询系列研究丛书之一
606 0  @a产业发展@x研究@y昌平区
690    @aF127.13@v5
701  0 @a姜爱林@9jiang ai lin@4主编
801  0 @aCN@b上海新华@c20180901
905    @b1163422-6@dF127.13@e345@f5
    
    县区产业发展定位与布局研究:以昌平区为例/姜爱林主编.-北京:线装书局,2017
    243页;24cm.-(经济社会规划咨询系列研究丛书之一)
    
    
    ISBN 978-7-5120-2933-0:CNY38.00
    本书共分为7章: 第一章包括产业发展的背景、产业发展的机遇、产业发展的若干趋势;第二章包括、产业发展的经济基础、产业发展的支撑条件、产业发展的影响因素;第三章包括产业发展的历史回顾、产业发展的现状分析、产业发展存在问题;第四章包括昌平区产业发展的指导思想、昌平区产业发展的目标、昌平区产业发展的原则、昌平区产业发展的主要依据;第五章包括产业发展定位、产业结构升级、产业转移承接;第六章包括产业布局优化、产业集群成长、产业链培育;第七章包括产业发展宏观保障措施、产业发展微观政策建议文化与健康:重点产业发展对策。
●
相关链接 在E读中查询图书 在五车中查询图书 在当当中查询图书 在豆瓣中查询图书


正题名:县区产业发展定位与布局研究     索取号:F127.13/345         预约/预借

序号 登录号 条形码 馆藏地/架位号 状态 备注
1 1163422   211634221   第一样本阅览室/ [索取号:F127.13/345] 在馆    
2 1163423   211634230   第一借阅区/ [索取号:F127.13/345] 在馆    
3 1163424   211634249   密集书库-海洋学院/ [索取号:F127.13/345] 在馆    
4 1163425   211634258   第一借阅区/ [索取号:F127.13/345] 在馆    
5 1163426   211634267   第一借阅区/ [索取号:F127.13/345] 在馆    
唐山师范学院图书馆 欢迎您!
大连网信软件有限公司© 版权所有